000 00337nam a2200145 i 4500
001 bg
100 1 _aRYDZEWSKI, Jerzy.
245 0 _aOscyloskop elektroniczny /
_cJerzy Rychlewski.
250 _aWyd.2 zm.
260 _aWarszawa,
_c1976.
040 _cBPK
041 _apol
942 _cKS
008 s pl f |000 0 pol
999 _c17124
_d17124
856 _uhttp://koha.tu.koszalin.pl/cgi-bin/koha/opac-detail.pl?biblionumber=17124
_yKatalog online BPK